| 000 | 00734nam a2200241 a 4500 | ||
|---|---|---|---|
| 001 | nice12345678 | ||
| 003 | IN_TiNIC | ||
| 005 | 20260116011410.0 | ||
| 008 | 050524s1921 newa grp 000 0 eng | ||
| 020 |
_a _c100 |
||
| 082 | 0 | 0 |
_a297.93 _bNSA1 |
| 100 | _aNational Spiritual Assembly, Of The Baha`is Of In | ||
| 245 | _aTeachings of the Baha`i Faith. | ||
| 260 |
_aNew Delhi _bNational Spiritual Assembly of the Baha` _c1921 |
||
| 300 | _a7p | ||
| 500 | _aincludes index and biblioraphy | ||
| 505 | 2 | _aunited nations conference on trade and development.Feb 1 to march 25 1968. | |
| 650 | _aBahai Faith | ||
| 700 | 1 | _aNational Spiritual Assembly, Of The Baha`is Of In | |
| 902 | _bSRS | ||
| 942 | _cBK | ||
| 999 |
_c1173 _d1173 |
||